00950nam a2200181 a 4500008004100000050001500041110005500056245008700111260003800198300000900236350000900245500018400254650004000438650005000478995009900528999001700627952012400644100407s1993 ||||||||||||||||| || u aUN-ECA(02) aUnited Nations Economic and Social Affairs (UNESA)10aStrategic agenda for development management in Africa in the 1990scUnited Nations aAddis AbababUNITED NATIONSc1993 a32p. a0.00 aRegional Conference development management in Africa: Thirty years of experience, emerging challenges and Future priorities, Africa Hall, Addis Ababa, Ethopia 8 - 12th March 1993. aAFRICA--ECONOMIC POLICY--CONGRESSES aAFRICAN ECONOMIC CONDITIONS--1960--CONGRESSES D0.00FCBU-MAIN LIBRARY (Kitwe)H1I0.00M1UAVAILABLEWApr 7, 2010ZInternational Publications c58473d58473 00102lcc4070a001b001cInternational Publicationsd2022-11-30l0oUN-ECA(02)p03006148r2022-11-30w2022-11-30y002